00402nam a2200157 a 450000100060000000300090000600800410001504000280005608200090008410000190009324500230011226000350013530000070017065000350017765000320021222583CO-ViMGA141112s2004 ck r 000 u spa d aCO-ViMGAbspacCO-ViMGA aREYc1 aReyes, Yolanda10aUna cama para tres aBogotá : bAlfaguara, c2003 a2614aCUENTOS INFANTILES COLOMBIANOS14aDRAGONES CUENTOS INFANTILES